000
00265nam a22001097a 4500
008
160507b xxu||||| |||| 00| 0 eng d
020
_a
0781724139
041
_a
eng
080
_a
615
245
_a
Pharmacology:
_c
Richard A. Harvey; Pamela C. Champe;
942
_2
udc
_c
BK
999
_c
1898
_d
1898